Comentarios y concordancias de la ley de organización y atribuciones de las municipalidades de 22 de diciembre de 1891

I tiakina i:
Ngā taipitopito rārangi puna kōrero
Kaituhi matua: Correa Bravo, Agustín (Author)
Hōputu: Pukapuka
Reo:Pāniora
I whakaputaina: Santiago Tornero 1914
Putanga:3a. ed
Ngā marau:
Ngā Tūtohu: Tāpirihia he Tūtohu
Kāore He Tūtohu, Me noho koe te mea tuatahi ki te tūtohu i tēnei pūkete!

MARC

LEADER 00000nam a2200000 a 4500
001 UCR3828
003 CL-VaPUC
008 980130e19140000CL |||||||||||||||||spa|d
082 0 4 |a 342.02  |b COR  |2 21 
100 0 |a Correa Bravo, Agustín  |e author  |9 403159 
245 1 0 |a Comentarios y concordancias de la ley de organización y atribuciones de las municipalidades de 22 de diciembre de 1891 
250 |a 3a. ed 
300 |a 604 p 
942 |c BK 
945 |d 19980130 00:00:00  |a aolguin 
260 |a Santiago  |b Tornero  |c 1914 
650 0 |a Ley de municipalidades  |9 398257 
650 0 |a Aplicación de la ley  |9 338319 
650 0 |a Administración pública   |9 255343 
650 0 |a Municipalidades   |9 255557 
650 7 |a ESTATUTO ADMINISTRATIVO  |2 CL-VaPUC  |9 255948 
650 0 |a Derecho civil  |9 255013 
650 0 |a Código civil  |9 256135 
650 7 |a DERECHO CHILENO  |2 CL-VaPUC  |9 403160 
650 0 |a Código penal  |9 255935 
650 7 |a RENTAS MUNICIPALES  |2 CL-VaPUC  |9 329512 
650 0 |a Bienes  |9 255749 
650 7 |a PRESUPUESTO PUBLICO Y FISCAL  |2 CL-VaPUC  |9 383835 
650 0 |a Obligaciones   |9 255578 
650 0 |a Alcaldes   |9 384145 
650 0 |a Elecciones  |9 254997 
650 7 |a INTENDENTES  |2 CL-VaPUC  |9 383916 
650 0 |a Administración municipal   |9 367333 
651 7 |a CHILE  |2 CL-VaPUC  |9 403161 
583 |a last modification  |c 19980130 00:00:00  |k Rodrigo Vera 
999 |c 266849  |d 266847 
952 |0 0  |1 0  |4 0  |6 342_020000000000000_COR_1914  |7 0  |8 X  |9 298861  |a BIBDER  |b BIBDER  |d 2019-11-20  |i 1944584  |o 342.02 COR 1914  |p 1944584  |r 2023-01-25  |w 2019-11-20  |y BK_X  |k DER 
952 |0 0  |1 0  |4 0  |6 342_020000000000000_COR_1914  |7 0  |8 X  |9 298862  |a BIBHIS  |b BIBHIS  |d 2019-11-20  |i 1387774  |o 342.02 COR 1914  |p 1387774  |r 2024-01-30  |w 2019-11-20  |y BK_X  |k HIS